A középfokú nőoktatás huszadik századi történetéhez

Elmentve itt :
Bibliográfiai részletek
Szerző: Nagy Péter Tibor
Dokumentumtípus: Cikk
Megjelent: 2003
Sorozat:Iskolakultúra 13 No. 3
Online Access:http://misc.bibl.u-szeged.hu/39769
LEADER 00589nab a2200169 i 4500
001 misc39769
005 20191106140817.0
008 180709s2003 hu o 0|| zxx d
022 |a 1215-5233 
040 |a SZTE Miscellanea Repozitórium  |b hun 
041 |a zxx 
100 1 |a Nagy Péter Tibor 
245 1 2 |a A középfokú nőoktatás huszadik századi történetéhez  |h [elektronikus dokumentum] /  |c  Nagy Péter Tibor 
260 |c 2003 
300 |a 3-14 
490 0 |a Iskolakultúra  |v 13 No. 3 
856 4 0 |u http://misc.bibl.u-szeged.hu/39769/1/EPA00011_iskolakultura_2003_03_003-014.pdf  |z Dokumentum-elérés